000 00570nam a22002057a 4500
005 20221029125018.0
008 221029b ||||| |||| 00| 0 eng d
020 _a0884158896
040 _cAL
041 _aEnglish
082 _223
_a635.0975
_bADAV
100 _aWilliam D Adams
_960564
245 _aVegetable Growing for Southern Gardens
260 _aTexas
_bPacesetter Press
_c1980
300 _ax,83 p.
_bPB
_c27x21 cm.
650 _aVegetable gardening
_960565
650 _aSouthern States
_960566
700 _aADAMS (William D)
_960567
942 _2ddc
_cGF
999 _c224958
_d224958